| LEADER 00000nam 2200000uu 4500 |
| 001 208560 |
| 003 ULIBM |
| 008 121108s2555||||th 000 0 tha d |
| 020 ^a9789747533408
|
| 040 ^abcnkk
|
| 060 4 ^aWQ209^bข284 2555
|
| 245 10 ^aข้อแนะนำเรื่องสิ่งตรวจพบที่ปกติและผิดปกติจากการตรวจคลื่นเสียงความถี่สูงของทารกในครรภ์ =^bNormal and abnormal findings in fetal scan /^cโดย คณะอนุกรรมการอนามัยแม่และเด็ก วาระปี พ.ศ. 2553-2555 ; [บรรณาธิการ จุฑาวดี วุฒิวงศ์ .. และคนอื่นๆ ]
|
| 246 30 ^aสิ่งตรวจพบที่ปกติและผิดปกติจากการตรวจคลื่นเสียงความถี่สูงของทารกในครรภ์ =^bNormal and abnormal findings in fetal scan
|
| 250 ^aพิมพ์ครั้งแรก
|
| 260 ^aกรุงเทพฯ :^bราชวิทยาลัยสูตินรีแพทย์แห่งประเทศไทย,^c2555
|
| 300 ^a48 หน้า :^bภาพประกอบ
|
| 650 4 ^aการวินิจฉัยด้วยคลื่นเสียงความถี่สูง^xในวัยทารกและเด็ก
|
| 650 4 ^aการวินิจฉัยด้วยคลื่นเหนือเสียง^xในวัยทารกและเด็ก
|
| 650 4 ^aคลื่นเสียงความถี่สูง^xในวัยทารกและเด็ก
|
| 650 4 ^aคลื่นเหนือเสียง^xในวัยทารกและเด็ก
|
| 650 4 ^aคลื่นเหนือเสียงทางสูติศาสตร์
|
| 650 4 ^aทารกในครรภ์
|
| 700 0 ^aจุฑาวดี วุฒิวงศ์,^eบรรณาธิการ
|
| 710 2 ^aคณะอนุกรรมการอนามัยแม่และเด็ก วาระปี พ.ศ. 2553-2555
|
| 999 ^aใช้งานได้ทุกระบบ
|